000
00437nam a2200157Ia 4500
008
100204s9999 xx 000 0 und d
082
_b
28690
100
_a
कुबडे दीपमाला
245
_a
दीपमाळ गझलांची
250
_a
0
260
_c
2008
300
_a
96
630
_a
दीपमाळ गझलांची
730
_a
दीपमाळ गझलांची
942
_c
BOOK
999
_c
473857
_d
473854